000 00453nam a2200145Ia 4500
008 220216s9999 xx 000 0 und d
100 _aTillekeratne L M K
245 0 _aRole of the quality of the chemicals for the development of the raw rubber industry
260 _bBulletin of the Rubber Research Institute of Sri Lanka
_c1987
300 _a14-16
650 _aMould contamination
650 _aRaw rubber industry
650 _aTSR
942 _cJS
999 _c67221
_d67221